Statistics for Divergent Trivia

Click here to take the quiz!

General Stats

  • This quiz has been taken 3,494 times
    (3,472 since last reset)
  • The average score is 9 of 11

Answer Stats

HintAnswer% Correct
name of the main characterTris
99%
faction that the main character joinsDauntless
97%
original faction that tris came fromAbnegation
95%
leader of dauntlessFour
95%
honest factionCandor
89%
enemies with abnegationErudite
88%
peaceful factionAmity
87%
brother of trisCaleb
84%
first game (had ferris wheel)Capture the flag
74%
has a crush on main characterAl
67%
got stabbed in the eyeEdward
66%

Score Distribution

Percentile by Number Answered

Percent of People with Each Score

Your Score History

You have not taken this quiz since the last reset